| 000 | 00422nam a2200157Ia 4500 | ||
|---|---|---|---|
| 008 | 130318s9999 xx 000 0 und d | ||
| 020 | _a9788131770573 | ||
| 082 | _a006.76Jo BUR/J | ||
| 100 | _aBurge, Stephen | ||
| 245 | _aJoomla explained: Your step by step guide | ||
| 260 |
_bPearson Education _aNew Delhi _c2012 |
||
| 300 | _a428 | ||
| 650 | _aCONTENT MANAGEMENT SYSTEM | ||
| 650 | _aJOOMLA | ||
| 650 | _aWEB DESIGNING | ||
| 999 |
_c2462 _d2462 |
||